000 00471nam a2200181Ia 4500
008 230917s9999||||xx |||||||||||||| ||und||
020 _cRS500
040 _e251213
_aMAIN
041 _aEnglish
082 _a342 U1A(10)
100 _aUpadhyaya, J J R
245 0 _aAdministrative law
250 _a10th ed.
260 _aAllahabad
_bCentral Law Agency
_c2017
300 _axivii, 606 p.
500 _a3319 05/11/2018 HBD18/7563 05/12/2018 Main Budget
942 _cBK
999 _c28848
_d28848